Changes in understanding of security in Russian foreign policy
Teoretické prístupy k medzinárodnej bezpečnosti. Tradičné a moderné prístupy. Koncepcia bezpečnosti v Ruskej federácii. Praktická aplikácia koncepcie bezpečnosti v ruskej zahraničnej politike a národnej bezpečnosti v Rusku.
Salvato in:
| Autore principale: | |
|---|---|
| Natura: | Capitolo di libro |
| Lingua: | inglese |
| Soggetti: | |
| Tags: |
Nessun Tag, puoi essere il primo ad aggiungerne!!
|
MARC
| LEADER | 00000nla a2200000 4500 | ||
|---|---|---|---|
| 001 | 0151781 | ||
| 005 | 20240502083346.3 | ||
| 041 | 0 | |a eng | |
| 044 | |a HU | ||
| 245 | 1 | 0 | |a Changes in understanding of security in Russian foreign policy |c Lukáš Holas |
| 520 | |a Teoretické prístupy k medzinárodnej bezpečnosti. Tradičné a moderné prístupy. Koncepcia bezpečnosti v Ruskej federácii. Praktická aplikácia koncepcie bezpečnosti v ruskej zahraničnej politike a národnej bezpečnosti v Rusku. | ||
| 610 | 2 | 0 | |a bezpečnosť |
| 610 | 2 | 0 | |a bezpečnosť medzinárodná |
| 610 | 2 | 0 | |a politika zahraničná |
| 610 | 2 | 0 | |a Rusko |
| 610 | 2 | 0 | |a NATO |
| 100 | 1 | |a Holas, Lukáš | |